| 000 | 02060nam0a2200409 4500 | ||
|---|---|---|---|
| 001 | RU\NLR\BIBL_A\022192715 | ||
| 005 | 20240503115156.0 | ||
| 010 |
_a978-5-317-07131-8 _9100 |
||
| 021 |
_aRU _bКН-П-24-013033 _9КН-П-24-1359 |
||
| 035 | _a(NLR Aleph) 022192715 | ||
| 090 |
_a13018292 _c13018292 |
||
| 100 | _a20240410d2024 k y0rusy50 ca | ||
| 101 | 0 |
_arus _deng |
|
| 102 | _aRU | ||
| 105 | _aa z 010yy | ||
| 181 | 0 |
_ai3 _baxxe |
|
| 182 | 0 | _an | |
| 200 | 1 |
_aФосфорилзамещенные ароматические N-гетероциклы _eмонография _fЮ. А. Волкова, Л. Г. Менчиков, И. В. Заварзин _gРоссийская академия наук, Институт органической химии им. Н. Д. Зелинского |
|
| 203 |
_aТекст _bвизуальный _cнепосредственный |
||
| 210 |
_aМосква _cМАКС Пресс _d2024 |
||
| 215 |
_a213, [1] с. _cил. _d25 |
||
| 300 | _aНа 4-й с. обл. авт.: Волкова Ю. А., канд. хим. наук, Менчиков Л. Г., канд. хим. наук, Заварзин И. В., д-р хим. наук | ||
| 300 | _aРез. на англ. яз. | ||
| 300 | _aНа тит. с.: Российская академия наук, 300 лет | ||
| 320 | _aБиблиогр.: с. 170-214 (458 назв.) | ||
| 606 | 1 |
_aФосфорорганические соединения _9910905 _3RU\NLR\AUTH\6612926 |
|
| 606 | 1 |
_aГетероциклические соединения _9909798 _3RU\NLR\AUTH\6612346 |
|
| 686 | 1 | _aГ275.2 | |
| 686 | 1 | _aГ26 | |
| 700 | 1 |
_7ca _8rus _aВолкова _bЮ. А. _cканд. хим. наук _f1985- _gЮлия Алексеевна _9267482 _3RU\NLR\AUTH\770267538 |
|
| 701 | 1 |
_aМенчиков _bЛ. Г. _gЛеонид Геннадьевич |
|
| 701 | 1 |
_aЗаварзин _bИ. В. _gИгорь Викторович |
|
| 942 | _cBOOK | ||
| 980 | _aNB | ||